[Event "ODJM A 2023"]
[Site "Willingen GER"]
[Date "2023.05.31"]
[Round "5"]
[White "Goldinov, Daniel"]
[Black "Albayrak, Berrak"]
[Result "1-0"]
[Termination "normal"]
[Board "30"]
[WhiteElo "1880"]
[BlackElo "1664"]
[WhiteClock "00:01:41"]
[BlackClock "00:01:40"]
[PlyCount "127"]
[WhiteFideId "34605649"]
[BlackFideId "16241657"]
[EventCountry "GER"]
[EventRounds "9"]
[EventType "swiss"]
[EventDate "2023.05.27"]

1. d4 {[%clk 01:30:53]} {[%emt 00:00:06]} Nf6 {[%clk 01:30:55]} {[%emt
00:00:07]} 2. Bg5 {[%clk 01:31:18]} {[%emt 00:00:03]} g6 {[%clk 01:30:49]}
{[%emt 00:00:37]} 3. Bxf6 {[%clk 01:30:34]} {[%emt 00:01:13]} exf6 {[%clk
01:31:15]} {[%emt 00:00:05]} 4. e3 {[%clk 01:29:55]} {[%emt 00:01:09]} Bg7
{[%clk 01:29:18]} {[%emt 00:02:27]} 5. g3 {[%clk 01:29:31]} {[%emt 00:00:53]}
O-O {[%clk 01:28:09]} {[%emt 00:01:39]} 6. Bg2 {[%clk 01:29:51]} {[%emt
00:00:10]} d6 {[%clk 01:26:14]} {[%emt 00:02:27]} 7. Ne2 {[%clk 01:29:27]}
{[%emt 00:00:53]} f5 {[%clk 01:23:40]} {[%emt 00:03:04]} 8. O-O {[%clk
01:26:34]} {[%emt 01:10:41]} Nd7 {[%clk 01:23:24]} 9. c4 {[%clk 01:25:55]} Re8
{[%clk 01:15:22]} 10. Nbc3 {[%clk 01:20:34]} c6 {[%clk 01:13:36]} 11. Qd3
{[%clk 01:13:49]} Nf6 {[%clk 01:11:39]} 12. Rfd1 {[%clk 01:06:50]} Qe7 {[%clk
01:07:32]} 13. a3 {[%clk 00:59:53]} Bd7 {[%clk 01:05:47]} 14. b4 {[%clk
00:55:48]} Ne4 {[%clk 00:46:49]} {[%emt 00:06:49]} 15. Rab1 {[%clk 00:50:18]}
{[%emt 00:06:00]} Rad8 {[%clk 00:36:32]} {[%emt 00:10:47]} 16. d5 {[%clk
00:39:11]} {[%emt 00:11:37]} Bc8 {[%clk 00:34:07]} {[%emt 00:02:56]} 17. Re1
{[%clk 00:31:30]} {[%emt 00:08:10]} Qe5 {[%clk 00:30:10]} {[%emt 00:04:27]} 18.
Rb3 {[%clk 00:27:03]} {[%emt 00:04:57]} g5 {[%clk 00:26:09]} {[%emt 00:04:31]}
19. f3 {[%clk 00:23:19]} {[%emt 00:04:14]} Nf6 {[%clk 00:21:29]} {[%emt
00:05:10]} 20. Nd4 {[%clk 00:19:04]} {[%emt 00:04:45]} f4 {[%clk 00:19:12]}
{[%emt 00:02:48]} 21. dxc6 {[%clk 00:15:34]} {[%emt 00:04:00]} d5 {[%clk
00:16:22]} {[%emt 00:03:20]} 22. c5 {[%clk 00:12:42]} {[%emt 00:03:21]} h5
{[%clk 00:13:39]} {[%emt 00:03:13]} 23. cxb7 {[%clk 00:11:49]} {[%emt
00:01:24]} Bxb7 {[%clk 00:13:44]} {[%emt 00:00:25]} 24. gxf4 {[%clk 00:10:46]}
{[%emt 00:01:33]} gxf4 {[%clk 00:14:04]} {[%emt 00:00:10]} 25. Re2 {[%clk
00:09:10]} {[%emt 00:02:06]} fxe3 {[%clk 00:12:14]} {[%emt 00:02:20]} 26. Bh3
{[%clk 00:06:41]} {[%emt 00:02:59]} Ng4 {[%clk 00:09:37]} {[%emt 00:03:06]} 27.
fxg4 {[%clk 00:05:19]} {[%emt 00:01:52]} Qxd4 {[%clk 00:09:43]} {[%emt
00:00:24]} 28. Qxd4 {[%clk 00:05:41]} {[%emt 00:00:09]} Bxd4 {[%clk 00:10:03]}
{[%emt 00:00:10]} 29. Nb5 {[%clk 00:04:41]} {[%emt 00:01:30]} Bg7 {[%clk
00:04:14]} {[%emt 00:06:19]} 30. Nd6 {[%clk 00:03:39]} {[%emt 00:01:32]} Rxd6
{[%clk 00:03:14]} {[%emt 00:01:30]} 31. cxd6 {[%clk 00:04:03]} {[%emt
00:00:06]} d4 {[%clk 00:02:40]} {[%emt 00:01:04]} 32. Bg2 {[%clk 00:02:37]}
{[%emt 00:01:55]} Bc8 {[%clk 00:01:51]} {[%emt 00:01:19]} 33. Bc6 {[%clk
00:01:12]} {[%emt 00:01:54]} Rd8 {[%clk 00:02:02]} {[%emt 00:00:19]} 34. d7
{[%clk 00:01:24]} {[%emt 00:00:18]} Bxd7 {[%clk 00:02:07]} {[%emt 00:00:26]}
35. Bxd7 {[%clk 00:01:52]} {[%emt 00:00:01]} Rxd7 {[%clk 00:02:33]} {[%emt
00:00:05]} 36. Rd3 {[%clk 00:02:14]} {[%emt 00:00:08]} Re7 {[%clk 00:02:04]}
{[%emt 00:00:59]} 37. gxh5 {[%clk 00:00:51]} {[%emt 00:01:53]} Re5 {[%clk
00:01:09]} {[%emt 00:01:24]} 38. h6 {[%clk 00:00:52]} {[%emt 00:00:29]} Bf6
{[%clk 00:00:59]} {[%emt 00:00:40]} 39. Rg2+ {[%clk 00:00:42]} {[%emt
00:00:40]} Kh7 {[%clk 00:01:05]} {[%emt 00:00:25]} 40. Kf1 {[%clk 00:00:39]}
{[%emt 00:00:33]} Rf5+ {[%clk 00:01:09]} {[%emt 00:00:26]} 41. Ke2 {[%clk
00:28:17]} {[%emt 00:02:52]} Kxh6 {[%clk 00:25:58]} {[%emt 00:05:41]} 42. Rd1
{[%clk 00:25:35]} {[%emt 00:03:11]} Rd5 {[%clk 00:12:48]} {[%emt 00:13:40]} 43.
Kd3 {[%clk 00:23:33]} {[%emt 00:02:31]} Rd6 {[%clk 00:12:10]} {[%emt 00:01:08]}
44. Rf1 {[%clk 00:16:11]} {[%emt 00:07:52]} Re6 {[%clk 00:06:37]} {[%emt
00:06:04]} 45. Rf3 {[%clk 00:08:38]} {[%emt 00:08:03]} Kh5 {[%clk 00:03:52]}
{[%emt 00:03:15]} 46. Rf5+ {[%clk 00:08:50]} {[%emt 00:00:18]} Kh4 {[%clk
00:02:43]} {[%emt 00:01:39]} 47. b5 {[%clk 00:05:01]} {[%emt 00:04:19]} Kh3
{[%clk 00:02:34]} {[%emt 00:00:38]} 48. Rb2 {[%clk 00:02:59]} {[%emt 00:02:32]}
Kg4 {[%clk 00:01:33]} {[%emt 00:01:31]} 49. Rf1 {[%clk 00:03:25]} {[%emt
00:00:04]} Be7 {[%clk 00:00:45]} {[%emt 00:01:18]} 50. Rxf7 {[%clk 00:01:18]}
{[%emt 00:02:37]} Bxa3 {[%clk 00:00:48]} {[%emt 00:00:28]} 51. Rg2+ {[%clk
00:01:09]} {[%emt 00:00:38]} Kh3 {[%clk 00:00:53]} {[%emt 00:00:25]} 52. Rg3
{[%clk 00:00:43]} {[%emt 00:00:56]} Kxh2 {[%clk 00:01:10]} {[%emt 00:00:12]}
53. Rg8 {[%clk 00:00:49]} {[%emt 00:00:24]} Rh6 {[%clk 00:00:56]} {[%emt
00:00:45]} 54. Rxa7 {[%clk 00:01:01]} {[%emt 00:00:19]} Bc5 {[%clk 00:00:38]}
{[%emt 00:00:48]} 55. Rc7 {[%clk 00:00:56]} {[%emt 00:00:35]} Bd6 {[%clk
00:00:35]} {[%emt 00:00:34]} 56. Rcg7 {[%clk 00:00:51]} {[%emt 00:00:34]} Be5
{[%clk 00:00:42]} {[%emt 00:00:23]} 57. Rg6 {[%clk 00:00:47]} {[%emt 00:00:34]}
Rh4 {[%clk 00:00:52]} {[%emt 00:00:21]} 58. b6 {[%clk 00:00:46]} {[%emt
00:00:32]} Rh7 {[%clk 00:00:38]} {[%emt 00:00:44]} 59. b7 {[%clk 00:01:02]}
{[%emt 00:00:13]} Bc7 {[%clk 00:00:34]} {[%emt 00:00:34]} 60. b8=Q {[%clk
00:00:55]} {[%emt 00:00:38]} Bxb8 {[%clk 00:01:00]} {[%emt 00:00:03]} 61. Rxb8
{[%clk 00:01:19]} {[%emt 00:00:06]} Rh4 {[%clk 00:01:12]} {[%emt 00:00:18]} 62.
Rd8 {[%clk 00:00:51]} {[%emt 00:00:57]} Re4 {[%clk 00:01:16]} {[%emt 00:00:26]}
63. Rh8+ {[%clk 00:01:15]} {[%emt 00:00:06]} Rh4 {[%clk 00:01:40]} {[%emt
00:00:06]} 64. Rxh4+ {[%clk 00:01:41]} {[%emt 00:00:04]} 1-0

[Event "ODJM A 2023"]
[Site "Willingen GER"]
[Date "2023.05.31"]
[Round "5"]
[White "Hahn, Peter"]
[Black "Stiller, Maximilian"]
[Result "1-0"]
[Termination "normal"]
[Board "31"]
[WhiteElo "1814"]
[BlackElo "1657"]
[WhiteClock "01:32:45"]
[BlackClock "01:24:48"]
[PlyCount "36"]
[WhiteFideId "34627316"]
[BlackFideId "16254465"]
[EventCountry "GER"]
[EventRounds "9"]
[EventType "swiss"]
[EventDate "2023.05.27"]

1. d4 {[%clk 01:30:59]} {[%emt 00:00:01]} d5 {[%clk 01:30:51]} {[%emt
00:00:09]} 2. c4 {[%clk 01:31:25]} {[%emt 00:00:04]} e6 {[%clk 01:31:15]}
{[%emt 00:00:06]} 3. Nc3 {[%clk 01:31:51]} {[%emt 00:00:04]} Nf6 {[%clk
01:31:39]} {[%emt 00:00:06]} 4. cxd5 {[%clk 01:32:17]} {[%emt 00:00:05]} exd5
{[%clk 01:31:54]} {[%emt 00:00:15]} 5. Bg5 {[%clk 01:32:41]} {[%emt 00:00:05]}
Be7 {[%clk 01:32:13]} {[%emt 00:00:11]} 6. e3 {[%clk 01:33:04]} {[%emt
00:00:08]} O-O {[%clk 01:31:24]} {[%emt 00:01:19]} 7. Bd3 {[%clk 01:33:31]}
{[%emt 00:00:04]} h6 {[%clk 01:31:30]} {[%emt 00:00:23]} 8. Bh4 {[%clk
01:33:56]} {[%emt 00:00:05]} c6 {[%clk 01:29:27]} {[%emt 00:02:32]} 9. Nge2
{[%clk 01:34:20]} {[%emt 00:00:07]} Ne4 {[%clk 01:29:04]} {[%emt 00:00:52]} 10.
Bxe7 {[%clk 01:34:44]} {[%emt 00:00:07]} Qxe7 {[%clk 01:29:24]} {[%emt
00:00:09]} 11. O-O {[%clk 01:34:21]} {[%emt 00:00:54]} Nd7 {[%clk 01:28:31]}
{[%emt 00:01:22]} 12. Qc2 {[%clk 01:33:23]} {[%emt 00:01:28]} f5 {[%clk
01:24:48]} {[%emt 00:04:13]} 13. Nf4 {[%emt 00:01:09]} Qf7 14. b4 g5 15. Nfe2
b6 16. Ng3 Bb7 17. Ncxe4 fxe4 18. Nxe4 {[%clk 01:32:45]} Qe7 {[%emt 01:09:34]}
1-0

[Event "ODJM A 2023"]
[Site "Willingen GER"]
[Date "2023.05.31"]
[Round "5"]
[White "Tulchynsky, David"]
[Black "Abou Wally, Adrian"]
[Result "1-0"]
[Termination "normal"]
[Board "32"]
[WhiteElo "1660"]
[BlackElo "1753"]
[WhiteClock "00:47:53"]
[BlackClock "00:25:16"]
[PlyCount "95"]
[WhiteFideId "16289560"]
[BlackFideId "16245113"]
[EventCountry "GER"]
[EventRounds "9"]
[EventType "swiss"]
[EventDate "2023.05.27"]

1. e4 {[%clk 01:30:58]} {[%emt 00:00:02]} e5 {[%clk 01:30:57]} {[%emt
00:00:04]} 2. f4 {[%clk 01:31:25]} {[%emt 00:00:03]} d5 {[%clk 01:30:45]}
{[%emt 00:00:43]} 3. exd5 {[%clk 01:31:50]} {[%emt 00:00:04]} exf4 {[%clk
01:30:50]} {[%emt 00:00:24]} 4. Nf3 {[%clk 01:30:46]} {[%emt 00:01:35]} Nf6
{[%clk 01:30:14]} {[%emt 00:01:06]} 5. Bb5+ {[%clk 01:27:37]} {[%emt 00:03:39]}
Bd7 {[%clk 01:23:15]} {[%emt 00:07:28]} 6. Bxd7+ {[%clk 01:28:01]} {[%emt
00:00:07]} Qxd7 {[%clk 01:22:54]} {[%emt 00:00:51]} 7. O-O {[%clk 01:28:15]}
{[%emt 00:00:48]} Be7 {[%clk 01:19:17]} {[%emt 00:03:35]} 8. d4 {[%clk
01:25:10]} {[%emt 00:03:34]} O-O {[%clk 01:12:41]} {[%emt 00:07:07]} 9. Nc3
{[%clk 01:12:33]} {[%emt 00:13:07]} Nxd5 {[%clk 01:08:21]} {[%emt 00:04:49]}
10. Nxd5 {[%clk 01:12:57]} {[%emt 00:00:06]} Qxd5 {[%clk 01:08:46]} {[%emt
00:00:06]} 11. Bxf4 {[%clk 01:13:21]} {[%emt 00:00:05]} c5 {[%clk 01:01:26]}
{[%emt 00:07:50]} 12. Kh1 {[%clk 01:03:21]} {[%emt 00:10:30]} Rd8 {[%clk
00:58:48]} {[%emt 00:03:08]} 13. c3 {[%clk 00:50:19]} {[%emt 00:14:43]} Nc6
{[%clk 00:58:46]} 14. dxc5 {[%clk 00:50:19]} Bxc5 {[%clk 00:57:18]} {[%emt
00:01:48]} 15. Bc7 {[%clk 00:49:58]} {[%emt 00:00:51]} Qxd1 {[%clk 00:50:21]}
{[%emt 00:07:27]} 16. Raxd1 {[%clk 00:49:22]} {[%emt 00:01:05]} Re8 {[%clk
00:44:28]} {[%emt 00:06:23]} 17. Rd5 {[%clk 00:44:16]} {[%emt 00:05:36]} Bb6
{[%clk 00:37:49]} {[%emt 00:07:10]} 18. Bxb6 {[%emt 00:03:28]} axb6 {[%clk
00:35:33]} {[%emt 00:02:16]} 19. a3 {[%clk 00:42:06]} {[%emt 00:00:13]} Re2
{[%clk 00:35:15]} {[%emt 00:00:47]} 20. Rb5 {[%clk 00:42:32]} {[%emt 00:00:04]}
Na5 {[%clk 00:19:34]} {[%emt 00:16:11]} 21. Nd4 {[%clk 00:40:24]} {[%emt
00:02:38]} Rd2 {[%clk 00:16:58]} {[%emt 00:03:06]} 22. Rxb6 {[%clk 00:38:20]}
{[%emt 00:02:34]} g6 {[%clk 00:16:08]} {[%emt 00:01:20]} 23. Rb4 {[%clk
00:30:54]} {[%emt 00:07:56]} Re8 {[%clk 00:13:50]} {[%emt 00:02:48]} 24. h3
{[%clk 00:30:18]} {[%emt 00:01:06]} Nc6 {[%clk 00:13:02]} {[%emt 00:01:18]} 25.
Rxb7 {[%clk 00:24:33]} {[%emt 00:06:15]} Nxd4 {[%clk 00:13:24]} {[%emt
00:00:08]} 26. cxd4 {[%clk 00:24:59]} {[%emt 00:00:05]} Ree2 {[%clk 00:13:23]}
{[%emt 00:00:30]} 27. Rg1 {[%clk 00:15:06]} {[%emt 00:10:24]} Rxb2 {[%clk
00:11:38]} {[%emt 00:02:14]} 28. Rxb2 {[%clk 00:15:31]} {[%emt 00:00:06]} Rxb2
{[%clk 00:12:04]} {[%emt 00:00:03]} 29. Ra1 {[%clk 00:15:58]} {[%emt 00:00:03]}
Rd2 {[%clk 00:12:29]} {[%emt 00:00:05]} 30. a4 {[%clk 00:16:24]} {[%emt
00:00:04]} Rxd4 {[%clk 00:12:52]} {[%emt 00:00:07]} 31. a5 {[%clk 00:16:47]}
{[%emt 00:00:08]} Rd7 {[%clk 00:12:58]} {[%emt 00:00:23]} 32. a6 {[%clk
00:17:13]} {[%emt 00:00:04]} Ra7 {[%clk 00:13:25]} {[%emt 00:00:03]} 33. Kh2
{[%clk 00:17:39]} {[%emt 00:00:04]} Kg7 {[%clk 00:11:17]} {[%emt 00:02:38]} 34.
Kg3 {[%clk 00:18:03]} {[%emt 00:00:06]} f5 {[%clk 00:09:20]} {[%emt 00:02:27]}
35. Kf4 {[%clk 00:17:38]} {[%emt 00:00:55]} Kf6 {[%emt 00:00:12]} 36. Ra5
{[%clk 00:18:05]} g5+ {[%clk 00:04:32]} {[%emt 00:05:38]} 37. Ke3 {[%clk
00:17:26]} {[%emt 00:01:08]} h5 {[%clk 00:03:18]} {[%emt 00:01:46]} 38. Kd4
{[%clk 00:17:02]} {[%emt 00:00:54]} h4 {[%clk 00:02:08]} {[%emt 00:01:40]} 39.
Kc5 {[%clk 00:17:08]} {[%emt 00:00:24]} g4 {[%clk 00:01:55]} {[%emt 00:00:43]}
40. Kb6 {[%clk 00:17:33]} {[%emt 00:00:04]} Rxa6+ {[%clk 00:01:58]} {[%emt
00:00:27]} 41. Kxa6 {[%clk 00:17:29]} {[%emt 00:00:34]} gxh3 {[%clk 00:27:20]}
{[%emt 00:05:08]} 42. gxh3 {[%clk 00:46:12]} {[%emt 00:01:47]} Kg5 {[%clk
00:25:17]} {[%emt 00:02:32]} 43. Ra4 {[%clk 00:46:10]} {[%emt 00:00:33]} f4
{[%emt 00:00:54]} 44. Ra5+ {[%clk 00:46:34]} {[%emt 00:00:06]} Kg6 {[%clk
00:24:59]} {[%emt 00:00:25]} 45. Kb6 {[%clk 00:46:46]} {[%emt 00:00:17]} f3
{[%clk 00:25:04]} {[%emt 00:00:25]} 46. Ra3 {[%clk 00:47:12]} {[%emt 00:00:04]}
Kf5 {[%clk 00:24:50]} {[%emt 00:00:44]} 47. Rxf3+ {[%clk 00:47:31]} {[%emt
00:00:10]} Ke4 {[%clk 00:25:16]} {[%emt 00:00:05]} 48. Ra3 {[%clk 00:47:53]}
{[%emt 00:00:08]} 1-0

[Event "ODJM A 2023"]
[Site "Willingen GER"]
[Date "2023.05.31"]
[Round "6"]
[White "Yelisieiev, Yevhenii"]
[Black "Weidemann, Jakob"]
[Result "1-0"]
[Termination "normal"]
[Board "1"]
[WhiteTitle "IM"]
[WhiteElo "2418"]
[BlackElo "2125"]
[WhiteClock "00:17:50"]
[BlackClock "00:17:26"]
[PlyCount "119"]
[WhiteFideId "14139642"]
[BlackFideId "16255470"]
[EventCountry "GER"]
[EventRounds "9"]
[EventType "swiss"]
[EventDate "2023.05.27"]

1. Nf3 {[%clk 01:30:54]} {[%emt 00:00:05]} Nf6 {[%clk 01:30:48]} {[%emt
00:00:12]} 2. b3 {[%clk 01:29:33]} {[%emt 00:01:51]} e6 {[%clk 01:31:08]}
{[%emt 00:00:10]} 3. Bb2 {[%clk 01:29:56]} {[%emt 00:00:07]} b6 {[%clk
01:31:21]} {[%emt 00:00:17]} 4. e3 {[%clk 01:28:41]} {[%emt 00:01:45]} Bb7
{[%clk 01:31:04]} {[%emt 00:00:47]} 5. d4 {[%clk 01:27:34]} {[%emt 00:01:37]}
c5 {[%clk 01:30:46]} {[%emt 00:00:49]} 6. Bd3 {[%clk 01:25:22]} {[%emt
00:02:42]} Be7 {[%clk 01:30:15]} {[%emt 00:01:02]} 7. Nbd2 {[%clk 01:24:42]}
{[%emt 00:01:10]} O-O {[%clk 01:29:57]} {[%emt 00:00:48]} 8. dxc5 {[%clk
01:19:12]} {[%emt 00:06:00]} bxc5 {[%clk 01:29:37]} {[%emt 00:00:50]} 9. e4
{[%clk 01:11:55]} {[%emt 00:07:46]} Nc6 {[%clk 01:24:37]} {[%emt 00:05:30]} 10.
e5 {[%clk 01:04:05]} {[%emt 00:08:21]} Nd5 {[%clk 01:23:46]} {[%emt 00:01:20]}
11. g3 {[%clk 00:59:57]} {[%emt 00:04:39]} f6 {[%clk 01:23:10]} {[%emt
00:01:05]} 12. O-O {[%clk 00:57:15]} {[%emt 00:03:11]} fxe5 {[%clk 01:22:23]}
{[%emt 00:01:18]} 13. Nxe5 {[%clk 00:53:05]} {[%emt 00:04:40]} Nxe5 {[%clk
01:22:38]} {[%emt 00:00:16]} 14. Bxe5 {[%clk 00:52:57]} {[%emt 00:00:38]} Bf6
{[%clk 01:15:59]} {[%emt 00:07:08]} 15. Bxf6 {[%clk 00:46:11]} {[%emt
00:07:16]} Nxf6 {[%clk 01:14:49]} {[%emt 00:01:39]} 16. Qe2 {[%clk 00:45:20]}
{[%emt 00:01:21]} Qc7 {[%clk 01:12:19]} {[%emt 00:03:01]} 17. Rae1 {[%clk
00:40:56]} {[%emt 00:04:54]} Qc6 {[%clk 01:10:18]} {[%emt 00:02:32]} 18. f3
{[%clk 00:39:32]} {[%emt 00:01:54]} Rae8 {[%clk 01:07:53]} {[%emt 00:02:54]}
19. Nc4 {[%clk 00:34:14]} {[%emt 00:05:49]} Ba6 {[%clk 01:01:50]} {[%emt
00:06:32]} 20. Nd6 {[%clk 00:29:37]} {[%emt 00:05:08]} Qxd6 {[%clk 00:47:56]}
{[%emt 00:14:24]} 21. Bxa6 {[%clk 00:29:59]} {[%emt 00:00:08]} Qb6 {[%clk
00:47:56]} {[%emt 00:00:28]} 22. Kg2 {[%clk 00:26:48]} {[%emt 00:03:42]} d5
{[%clk 00:46:33]} {[%emt 00:01:53]} 23. Bb5 {[%clk 00:25:42]} {[%emt 00:01:36]}
Re7 {[%clk 00:46:20]} {[%emt 00:00:43]} 24. f4 {[%clk 00:24:52]} {[%emt
00:01:21]} Rc8 {[%clk 00:34:02]} {[%emt 00:12:48]} 25. Bd3 {[%clk 00:24:14]}
{[%emt 00:01:08]} c4 {[%clk 00:33:28]} {[%emt 00:01:04]} 26. bxc4 {[%clk
00:19:50]} {[%emt 00:04:53]} dxc4 {[%clk 00:33:51]} {[%emt 00:00:07]} 27. Be4
{[%clk 00:18:51]} {[%emt 00:01:30]} Qd4 {[%clk 00:27:52]} {[%emt 00:06:28]} 28.
Bf3 {[%clk 00:18:26]} {[%emt 00:00:56]} Rce8 {[%clk 00:25:34]} {[%emt
00:02:48]} 29. Qe5 {[%clk 00:17:04]} {[%emt 00:01:52]} Qxe5 {[%clk 00:25:31]}
{[%emt 00:00:33]} 30. Rxe5 {[%clk 00:17:29]} {[%emt 00:00:05]} Nd7 {[%clk
00:23:17]} {[%emt 00:02:45]} 31. Ra5 {[%clk 00:17:36]} {[%emt 00:00:23]} Nb6
{[%clk 00:23:08]} {[%emt 00:00:38]} 32. Re1 {[%clk 00:17:26]} {[%emt 00:00:40]}
Rd8 {[%clk 00:22:50]} {[%emt 00:00:49]} 33. Re2 {[%clk 00:17:39]} {[%emt
00:00:17]} Kf7 {[%clk 00:21:32]} {[%emt 00:01:47]} 34. Rc5 {[%clk 00:14:23]}
{[%emt 00:03:47]} g6 {[%clk 00:19:10]} {[%emt 00:02:52]} 35. Rc6 {[%clk
00:13:52]} {[%emt 00:01:01]} Rc8 {[%clk 00:19:09]} {[%emt 00:00:31]} 36. Rd6
{[%clk 00:11:55]} {[%emt 00:02:28]} Rc5 {[%clk 00:19:10]} {[%emt 00:00:29]} 37.
Bg4 {[%clk 00:11:20]} {[%emt 00:01:05]} e5 {[%clk 00:19:08]} {[%emt 00:00:32]}
38. f5 {[%clk 00:11:38]} {[%emt 00:00:13]} Rd5 {[%clk 00:16:34]} {[%emt
00:03:03]} 39. Rc6 {[%clk 00:10:07]} {[%emt 00:02:01]} gxf5 {[%clk 00:16:05]}
{[%emt 00:00:59]} 40. Bxf5 {[%clk 00:10:17]} {[%emt 00:00:19]} Kg7 {[%clk
00:16:10]} {[%emt 00:00:24]} 41. h4 {[%clk 00:26:20]} {[%emt 00:14:27]} Ra5
{[%clk 00:33:56]} {[%emt 00:12:44]} 42. h5 {[%clk 00:26:10]} {[%emt 00:00:40]}
Rf7 {[%clk 00:25:00]} {[%emt 00:09:26]} 43. Rf2 {[%clk 00:21:47]} {[%emt
00:04:53]} Nd5 {[%clk 00:20:09]} {[%emt 00:05:21]} 44. h6+ {[%clk 00:21:06]}
{[%emt 00:01:11]} Kf8 {[%clk 00:20:32]} {[%emt 00:00:07]} 45. Bxh7 {[%clk
00:20:37]} {[%emt 00:01:00]} Ne3+ {[%clk 00:19:07]} {[%emt 00:01:54]} 46. Kg1
{[%clk 00:21:00]} {[%emt 00:00:06]} Rxf2 {[%clk 00:19:10]} {[%emt 00:00:28]}
47. Kxf2 {[%clk 00:21:13]} {[%emt 00:00:17]} Ng4+ {[%clk 00:19:11]} {[%emt
00:00:29]} 48. Kf3 {[%clk 00:20:33]} {[%emt 00:01:10]} Nxh6 {[%clk 00:19:02]}
{[%emt 00:00:39]} 49. Rxh6 {[%clk 00:20:56]} {[%emt 00:00:07]} Kg7 {[%clk
00:19:22]} {[%emt 00:00:10]} 50. Rh2 {[%clk 00:18:58]} {[%emt 00:02:28]} Rxa2
{[%clk 00:18:35]} {[%emt 00:01:17]} 51. Be4 {[%clk 00:18:40]} {[%emt 00:00:47]}
a5 {[%clk 00:17:58]} {[%emt 00:01:08]} 52. Rh7+ {[%clk 00:16:43]} {[%emt
00:02:27]} Kf6 {[%clk 00:18:18]} {[%emt 00:00:10]} 53. Rc7 {[%clk 00:16:55]}
{[%emt 00:00:19]} Ra3+ {[%clk 00:17:07]} {[%emt 00:01:40]} 54. Kg4 {[%clk
00:16:40]} {[%emt 00:00:45]} Rc3 {[%clk 00:16:39]} {[%emt 00:00:58]} 55. Ra7
{[%clk 00:16:32]} {[%emt 00:00:38]} Re3 {[%clk 00:16:58]} {[%emt 00:00:11]} 56.
Ra6+ {[%clk 00:16:53]} {[%emt 00:00:09]} Kg7 {[%clk 00:17:08]} {[%emt
00:00:19]} 57. Kf5 {[%clk 00:17:10]} {[%emt 00:00:13]} Rxg3 {[%clk 00:17:13]}
{[%emt 00:00:26]} 58. Rxa5 {[%clk 00:17:32]} {[%emt 00:00:08]} Rh3 {[%clk
00:17:13]} {[%emt 00:00:29]} 59. Kxe5 {[%clk 00:17:30]} {[%emt 00:00:33]} Kf7
{[%clk 00:17:26]} {[%emt 00:00:16]} 60. Ra7+ {[%clk 00:17:50]} {[%emt
00:00:11]} 1-0

[Event "ODJM A 2023"]
[Site "Willingen GER"]
[Date "2023.05.31"]
[Round "6"]
[White "Gerlach, Felix"]
[Black "Bold, André"]
[Result "1/2-1/2"]
[Termination "normal"]
[Board "2"]
[WhiteElo "2078"]
[BlackElo "2194"]
[WhiteClock "00:08:41"]
[BlackClock "00:29:04"]
[PlyCount "44"]
[WhiteFideId "12957690"]
[BlackFideId "16208471"]
[EventCountry "GER"]
[EventRounds "9"]
[EventType "swiss"]
[EventDate "2023.05.27"]

1. Nf3 {[%clk 01:30:57]} {[%emt 00:00:01]} Nf6 {[%clk 01:30:38]} {[%emt
00:00:23]} 2. g3 {[%clk 01:31:18]} {[%emt 00:00:07]} d5 {[%clk 01:31:03]}
{[%emt 00:00:06]} 3. Bg2 {[%clk 01:31:39]} {[%emt 00:00:08]} c6 {[%clk
01:31:26]} {[%emt 00:00:09]} 4. O-O {[%clk 01:32:01]} {[%emt 00:00:08]} Bf5
{[%clk 01:31:49]} {[%emt 00:00:08]} 5. d3 {[%clk 01:32:25]} {[%emt 00:00:06]}
h6 {[%clk 01:32:06]} {[%emt 00:00:13]} 6. c4 {[%clk 01:32:47]} {[%emt
00:00:07]} e6 {[%clk 01:30:12]} {[%emt 00:02:25]} 7. cxd5 {[%clk 01:31:36]}
{[%emt 00:01:40]} cxd5 {[%clk 01:29:38]} {[%emt 00:01:05]} 8. Qb3 {[%clk
01:22:27]} {[%emt 00:09:39]} Qb6 {[%clk 01:24:24]} {[%emt 00:05:44]} 9. Qxb6
{[%clk 01:16:00]} {[%emt 00:06:57]} axb6 {[%clk 01:23:43]} {[%emt 00:01:12]}
10. Nc3 {[%clk 01:05:55]} {[%emt 00:10:34]} Bc5 {[%clk 01:07:55]} {[%emt
00:16:18]} 11. Nb5 {[%clk 01:00:43]} {[%emt 00:05:42]} O-O {[%clk 00:55:13]}
{[%emt 00:13:12]} 12. a3 {[%clk 00:45:09]} {[%emt 00:16:04]} Nc6 {[%clk
00:53:50]} {[%emt 00:01:52]} 13. Bf4 {[%clk 00:42:46]} {[%emt 00:02:54]} Rfc8
{[%clk 00:47:55]} {[%emt 00:06:26]} 14. b4 {[%clk 00:37:53]} {[%emt 00:05:22]}
Be7 {[%clk 00:47:45]} {[%emt 00:00:41]} 15. Rfc1 {[%clk 00:35:31]} {[%emt
00:02:52]} g5 {[%clk 00:42:45]} {[%emt 00:05:30]} 16. Bd6 {[%clk 00:27:09]}
{[%emt 00:08:51]} Kf8 {[%clk 00:40:50]} {[%emt 00:02:26]} 17. h4 {[%clk
00:26:48]} {[%emt 00:00:51]} g4 {[%clk 00:39:26]} {[%emt 00:01:54]} 18. Nd2
{[%clk 00:27:07]} {[%emt 00:00:10]} e5 {[%clk 00:33:54]} {[%emt 00:06:03]} 19.
e4 {[%clk 00:24:34]} {[%emt 00:03:02]} dxe4 {[%clk 00:31:04]} {[%emt 00:03:20]}
20. dxe4 {[%clk 00:11:17]} {[%emt 00:13:47]} Be6 {[%clk 00:31:28]} {[%emt
00:00:07]} 21. Rc2 {[%clk 00:09:23]} {[%emt 00:02:23]} Nd4 {[%clk 00:28:42]}
{[%emt 00:03:17]} 22. Bxe7+ {[%clk 00:08:41]} {[%emt 00:01:13]} Kxe7 {[%clk
00:29:04]} {[%emt 00:00:07]} 1/2-1/2